000 00651nam a2200253Ia 4500
005 20260121161214.0
008 008 260114s9999 xx 000 0 eng d
020 _a9781003273493
037 _aEBOOK
040 _aCRL
040 _beng
040 _cCRL
041 _2eng
041 _aeng
084 _qCRL
100 _aPietro Gori; Lorenzo Serini
_91041511
245 0 _aPractices of Truth in Philosophy:Historical and Comparative Perspectives
260 _bTaylor and Francis
260 _c2024
856 _uhttp://www.taylorfrancis.com/books/9781003273493
942 _cEBOOK
999 _c1608327
_d1608327